[Event "Championship Moscow 2015 Seniors rapid"]
[Site "?"]
[Date "2015.11.29"]
[Round "9.6"]
[White "Skorodumov, Vladimir"]
[Black "Kremenietsky, Anatoly M."]
[Result "1/2-1/2"]
[BlackElo "2262"]
[WhiteElo "2234"]
[LiveChessVersion "1.4.6"]

1. c4 {[%clk 0:10:09]} e5 {[%clk 0:10:09]} 2. g3 {[%clk 0:10:13]} Nc6
{[%clk 0:10:06]} 3. Bg2 {[%clk 0:10:17]} g6 {[%clk 0:10:06]} 4. Nc3
{[%clk 0:10:17]} Bg7 {[%clk 0:10:10]} 5. e3 {[%clk 0:10:20]} Nf6 {[%clk 0:10:10]}
6. Nge2 {[%clk 0:10:23]} O-O {[%clk 0:10:10]} 7. O-O {[%clk 0:10:26]} Ne7
{[%clk 0:10:10]} 8. d4 {[%clk 0:10:20]} exd4 {[%clk 0:10:11]} 9. Nxd4
{[%clk 0:10:06]} d5 {[%clk 0:10:01]} 10. cxd5 {[%clk 0:09:38]} Nexd5
{[%clk 0:10:04]} 11. Nxd5 {[%clk 0:09:09]} Nxd5 {[%clk 0:10:08]} 12. Qb3
{[%clk 0:08:43]} Nb6 {[%clk 0:09:44]} 13. Rd1 {[%clk 0:08:15]} Qe7
{[%clk 0:09:43]} 14. a4 {[%clk 0:07:25]} c5 {[%clk 0:09:35]} 15. a5
{[%clk 0:07:02]} cxd4 16. axb6 Be6 {[%clk 0:07:07]} 17. Qa3 {[%clk 0:07:00]} Qxa3
{[%clk 0:06:00]} 18. Rxa3 {[%clk 0:07:01]} axb6 {[%clk 0:06:02]} 19. exd4
{[%clk 0:06:41]} Rxa3 20. bxa3 {[%clk 0:06:45]} Rd8 {[%clk 0:05:36]} 21. d5
{[%clk 0:05:54]} Bg4 {[%clk 0:05:35]} 22. f3 {[%clk 0:05:33]} Bf5
{[%clk 0:05:31]} 23. Bg5 {[%clk 0:04:54]} Rd7 {[%clk 0:04:49]} 24. Be3
{[%clk 0:04:28]} Bf8 {[%clk 0:04:48]} 25. g4 {[%clk 0:04:20]} Bc2
{[%clk 0:04:46]} 26. Rc1 {[%clk 0:04:24]} Bb3 {[%clk 0:04:38]} 27. Rc8 Kg7 28.
Bd4+ {[%clk 0:04:18]} f6 {[%clk 0:04:43]} 29. g5 {[%clk 0:03:54]} Be7
{[%clk 0:04:46]} 30. f4 {[%clk 0:03:28]} Kf7 {[%clk 0:04:50]} 31. gxf6
{[%clk 0:02:54]} Bxf6 {[%clk 0:04:53]} 32. Bxb6 {[%clk 0:02:58]} Be7
{[%clk 0:04:37]} 33. Rc7 {[%clk 0:02:28]} Ke8 {[%clk 0:04:32]} 34. Rc8+
{[%clk 0:02:10]} Kf7 {[%clk 0:04:35]} 35. Rc7 {[%clk 0:01:11]} Ke8
{[%clk 0:04:39]} 36. Rc8+ {[%clk 0:01:03]} Kf7 37. Rh8 Kg7 1/2-1/2

[Event "Championship Moscow 2015 Seniors rapid"]
[Site "?"]
[Date "2015.11.29"]
[Round "9.8"]
[White "Zilbert, Oleg"]
[Black "Tseitline, Semen"]
[Result "1-0"]
[BlackElo "1976"]
[WhiteElo "2357"]
[LiveChessVersion "1.4.6"]

1. e4 d6 2. Nf3 Nf6 3. Nc3 g6 4. d4 Bg7 5. Be2 O-O 6. O-O Nc6 7. d5 Nb8 8. Nd4 e5
9. dxe6 fxe6 10. f4 Nc6 11. Be3 e5 12. Nxc6 bxc6 13. fxe5 dxe5 14. Bc4+ Kh8 15.
Bc5 Bg4 16. Qe1 Rb8 17. h3 Bd7 18. b3 Re8 19. Bf7 Re7 20. Bxe7 Qxe7 21. Bc4 Nh5
22. Rf7 Qc5+ 23. Qf2 Qxf2+ 24. Kxf2 Rf8 25. Rd1 Rxf7+ 26. Bxf7 Nf6 27. Kf3 Bf8
28. Na4 Kg7 29. Bc4 h5 30. c3 g5 31. Ke3 g4 32. Bf1 Kf7 33. b4 Bh6+ 34. Kd3 Be6
35. Nc5 Bc8 36. Rb1 Nd7 37. Nxd7 Bxd7 38. Rb3 Bc1 39. Kc2 Be3 40. c4 Bd4 41. c5
gxh3 42. gxh3 Bc8 43. Ra3 a6 44. Bxa6 Bd7 45. Be2 1-0

[Event "Championship Moscow 2015 Seniors rapid"]
[Site "?"]
[Date "2015.11.29"]
[Round "9.10"]
[White "Andreev, Viktor B."]
[Black "Kolbanov, Veniamin M."]
[Result "0-1"]
[BlackElo "2124"]
[WhiteElo "2184"]
[LiveChessVersion "1.4.6"]

1. c4 {[%clk 0:10:09]} Nf6 {[%clk 0:10:05]} 2. Nc3 {[%clk 0:10:13]} g6
{[%clk 0:09:59]} 3. d4 {[%clk 0:10:16]} Bg7 {[%clk 0:10:01]} 4. g3
{[%clk 0:10:15]} d6 {[%clk 0:10:03]} 5. Bg2 {[%clk 0:10:19]} O-O {[%clk 0:10:06]}
6. e3 {[%clk 0:10:20]} Nbd7 {[%clk 0:09:17]} 7. Nge2 {[%clk 0:10:21]} e5
{[%clk 0:09:18]} 8. O-O {[%clk 0:10:23]} Re8 {[%clk 0:09:13]} 9. Qc2
{[%clk 0:10:22]} c6 {[%clk 0:09:15]} 10. Rd1 {[%clk 0:10:19]} Qe7
{[%clk 0:09:19]} 11. dxe5 {[%clk 0:10:12]} dxe5 {[%clk 0:09:22]} 12. b3
{[%clk 0:10:12]} Nc5 {[%clk 0:08:46]} 13. b4 {[%clk 0:09:48]} Ne6
{[%clk 0:08:44]} 14. Rb1 {[%clk 0:09:45]} Ng5 {[%clk 0:08:14]} 15. h4
{[%clk 0:09:31]} Ne6 {[%clk 0:05:53]} 16. a4 {[%clk 0:09:19]} Nc7
{[%clk 0:04:48]} 17. a5 {[%clk 0:08:32]} e4 {[%clk 0:04:45]} 18. Nd4
{[%clk 0:08:02]} Bg4 {[%clk 0:04:48]} 19. Re1 {[%clk 0:08:01]} Ne6
{[%clk 0:03:33]} 20. Bd2 {[%clk 0:07:48]} Nxd4 {[%clk 0:03:14]} 21. exd4
{[%clk 0:07:50]} Bf5 {[%clk 0:03:19]} 22. Be3 {[%clk 0:07:49]} Ng4
{[%clk 0:03:19]} 23. Ne2 {[%clk 0:07:42]} Rad8 {[%clk 0:02:31]} 24. Red1
{[%clk 0:07:09]} Bf6 {[%clk 0:01:35]} 25. b5 {[%clk 0:06:29]} c5 {[%clk 0:01:36]}
26. dxc5 {[%clk 0:06:19]} Nxe3 {[%clk 0:01:38]} 27. fxe3 Qxc5 28. Rb3
{[%clk 0:05:45]} Rd3 {[%clk 0:01:43]} 29. Rbxd3 {[%clk 0:05:14]} exd3
{[%clk 0:01:46]} 30. Rxd3 {[%clk 0:05:12]} Rxe3 0-1

[Event "Championship Moscow 2015 Seniors rapid"]
[Site "?"]
[Date "2015.11.29"]
[Round "9.11"]
[White "Melnik, Sergey"]
[Black "Tchernyi, Viktor"]
[Result "1/2-1/2"]
[BlackElo "2249"]
[WhiteElo "2104"]
[LiveChessVersion "1.4.6"]

1. d4 {[%clk 0:10:08]} Nf6 {[%clk 0:10:08]} 2. Nc3 {[%clk 0:10:11]} e6
{[%clk 0:10:07]} 3. e4 {[%clk 0:10:11]} c5 {[%clk 0:10:00]} 4. d5
{[%clk 0:10:07]} exd5 {[%clk 0:10:02]} 5. e5 {[%clk 0:10:06]} Ne4
{[%clk 0:07:48]} 6. Nxd5 {[%clk 0:10:00]} c4 {[%clk 0:06:33]} 7. Be3
{[%clk 0:06:53]} b5 {[%clk 0:06:14]} 8. a4 {[%clk 0:06:03]} Qa5+ {[%clk 0:05:21]}
9. c3 {[%clk 0:05:32]} b4 {[%clk 0:05:24]} 10. Qd4 {[%clk 0:03:02]} Bb7
{[%clk 0:04:20]} 11. Bxc4 {[%clk 0:02:53]} bxc3 {[%clk 0:04:06]} 12. bxc3
{[%clk 0:02:31]} Bxd5 {[%clk 0:03:51]} 13. Qxd5 {[%clk 0:01:57]} Qxc3+
{[%clk 0:03:45]} 14. Ke2 {[%clk 0:01:53]} Qxa1 {[%clk 0:03:05]} 15. Qxa8
{[%clk 0:01:48]} Qb2+ {[%clk 0:02:44]} 16. Kf3 {[%clk 0:01:29]} Qxe5
{[%clk 0:02:35]} 17. Qxe4 {[%clk 0:01:27]} Nc6 {[%clk 0:02:31]} 18. Bd5
{[%clk 0:01:18]} Be7 {[%clk 0:02:34]} 19. Bxc6 {[%clk 0:01:19]} Qf6+
{[%clk 0:02:36]} 20. Ke2 {[%clk 0:01:01]} dxc6 {[%clk 0:02:33]} 21. Nf3
{[%clk 0:00:53]} O-O {[%clk 0:02:33]} 22. Bd4 {[%clk 0:00:48]} Qd6
{[%clk 0:02:31]} 23. Rd1 {[%clk 0:00:40]} c5 {[%clk 0:02:14]} 24. Ba1
{[%clk 0:00:24]} Qa6+ {[%clk 0:02:16]} 25. Ke1 {[%clk 0:00:12]} Re8
{[%clk 0:01:54]} 26. Qd5 Bf6+ {[%clk 0:01:54]} 27. Be5 {[%clk 0:00:06]} h6
{[%clk 0:01:35]} 28. Qxc5 Bxe5 {[%clk 0:01:31]} 29. Nxe5 {[%clk 0:00:10]} Qe6
{[%clk 0:01:35]} 30. Rd5 {[%clk 0:00:12]} f6 {[%clk 0:01:38]} 31. Kf1
{[%clk 0:00:15]} fxe5 {[%clk 0:01:42]} 32. Rd6 {[%clk 0:00:18]} Qf5
{[%clk 0:01:43]} 33. Qd5+ {[%clk 0:00:20]} Kh7 {[%clk 0:01:46]} 34. g3
{[%clk 0:00:24]} Rf8 {[%clk 0:01:48]} 35. Qd3 {[%clk 0:00:27]} e4
{[%clk 0:01:52]} 36. Qd2 {[%clk 0:00:29]} Qf3 {[%clk 0:01:54]} 37. Kg1
{[%clk 0:00:31]} Rb8 {[%clk 0:01:54]} 38. Qd1 {[%clk 0:00:32]} Qf5
{[%clk 0:01:52]} 39. Rd5 {[%clk 0:00:31]} Qf6 {[%clk 0:01:53]} 40. Qc2
{[%clk 0:00:26]} Rb4 {[%clk 0:01:50]} 41. Rb5 {[%clk 0:00:25]} Rd4
{[%clk 0:01:54]} 42. Rb1 {[%clk 0:00:23]} Qf3 {[%clk 0:01:52]} 43. Re1
{[%clk 0:00:24]} Rd3 {[%clk 0:01:54]} 44. Qe2 {[%clk 0:00:24]} Qxe2
{[%clk 0:00:54]} 45. Rxe2 {[%clk 0:00:28]} Rd4 {[%clk 0:00:59]} 46. Ra2
{[%clk 0:00:28]} Kg6 {[%clk 0:01:03]} 47. Kf1 Kf5 48. Ke2 {[%clk 0:00:34]} Rd3
{[%clk 0:01:10]} 49. Rd2 {[%clk 0:00:09]} Ra3 {[%clk 0:01:13]} 50. Rd5+
{[%clk 0:00:08]} Kg4 {[%clk 0:01:12]} 51. Kf1 {[%clk 0:00:09]} Kh3
{[%clk 0:01:01]} 52. Rh5+ {[%clk 0:00:10]} Kg4 {[%clk 0:01:05]} 53. Ra5
{[%clk 0:00:12]} Kh3 {[%clk 0:01:02]} 54. Rxa7 {[%clk 0:00:09]} Ra1+
{[%clk 0:01:02]} 55. Ke2 {[%clk 0:00:12]} Kxh2 {[%clk 0:01:06]} 56. Rxg7
{[%clk 0:00:12]} Rxa4 {[%clk 0:01:09]} 57. Rh7 {[%clk 0:00:09]} Kg2
{[%clk 0:01:12]} 58. Rf7 {[%clk 0:00:10]} Ra3 {[%clk 0:01:14]} 59. Rf4
{[%clk 0:00:13]} Rf3 {[%clk 0:01:18]} 60. Rxe4 {[%clk 0:00:11]} Rxf2+
{[%clk 0:01:21]} 61. Ke1 {[%clk 0:00:14]} Rf6 {[%clk 0:00:51]} 62. g4
{[%clk 0:00:19]} Kf3 {[%clk 0:00:56]} 63. Ra4 {[%clk 0:00:21]} Rb6
{[%clk 0:00:55]} 64. Rd4 {[%clk 0:00:08]} Kg3 {[%clk 0:00:58]} 65. Kf1
{[%clk 0:00:08]} Rf6+ {[%clk 0:01:01]} 66. Kg1 {[%clk 0:00:11]} Ra6
{[%clk 0:01:05]} 67. Rd3+ {[%clk 0:00:15]} Kxg4 {[%clk 0:01:08]} 68. Rd4+
{[%clk 0:00:18]} 1/2-1/2

[Event "Championship Moscow 2015 Seniors rapid"]
[Site "?"]
[Date "2015.11.29"]
[Round "9.12"]
[White "Hramtsov, Alexander"]
[Black "Gik, Evgeny"]
[Result "1/2-1/2"]
[BlackElo "2164"]
[WhiteElo "2189"]
[LiveChessVersion "1.4.6"]

1. g3 {[%clk 0:10:08]} Nf6 {[%clk 0:10:09]} 2. Bg2 g6 3. e4 {[%clk 0:10:15]} d6
{[%clk 0:10:17]} 4. c4 {[%clk 0:10:14]} c5 {[%clk 0:10:18]} 5. Nc3
{[%clk 0:10:16]} Bg7 {[%clk 0:10:22]} 6. Nge2 {[%clk 0:10:19]} O-O
{[%clk 0:10:25]} 7. O-O {[%clk 0:10:21]} Nc6 {[%clk 0:10:29]} 8. a3
{[%clk 0:10:25]} a6 {[%clk 0:10:25]} 9. Rb1 {[%clk 0:10:27]} Rb8 {[%clk 0:10:29]}
10. b4 {[%clk 0:10:29]} cxb4 {[%clk 0:10:29]} 11. axb4 {[%clk 0:10:32]} b5
{[%clk 0:10:20]} 12. cxb5 {[%clk 0:10:35]} axb5 {[%clk 0:10:25]} 13. d4
{[%clk 0:10:36]} Nd7 {[%clk 0:10:21]} 14. Be3 {[%clk 0:10:01]} Nb6
{[%clk 0:10:12]} 15. e5 {[%clk 0:09:15]} d5 {[%clk 0:09:33]} 16. Nxb5
{[%clk 0:08:25]} Nc4 {[%clk 0:09:32]} 17. Nbc3 {[%clk 0:08:21]} Nxb4
{[%clk 0:08:36]} 18. Nxd5 {[%clk 0:07:23]} Nxd5 {[%clk 0:08:36]} 19. Rxb8
{[%clk 0:07:26]} Ndxe3 {[%clk 0:08:24]} 20. fxe3 {[%clk 0:05:38]} Nxe3
{[%clk 0:08:26]} 21. Qc1 {[%clk 0:04:54]} Nxf1 {[%clk 0:07:56]} 22. Kxf1
{[%clk 0:03:16]} Qd7 {[%clk 0:07:40]} 23. Qc4 {[%clk 0:02:39]} Qf5+
{[%clk 0:07:29]} 24. Kg1 {[%clk 0:02:23]} Bh6 {[%clk 0:06:43]} 25. h3
{[%clk 0:02:21]} Be3+ {[%clk 0:06:19]} 26. Kh2 {[%clk 0:02:25]} Be6
{[%clk 0:06:07]} 27. Rxf8+ {[%clk 0:02:27]} Kxf8 {[%clk 0:06:11]} 28. d5
{[%clk 0:02:14]} Bd7 {[%clk 0:05:48]} 29. Qc3 {[%clk 0:02:00]} Qf2
{[%clk 0:04:41]} 30. e6 {[%clk 0:01:38]} fxe6 {[%clk 0:04:39]} 31. Qh8+
{[%clk 0:01:41]} Kf7 {[%clk 0:04:42]} 32. Qxh7+ {[%clk 0:01:45]} Kf6
{[%clk 0:03:16]} 33. Qh8+ {[%clk 0:01:47]} Kf7 {[%clk 0:02:43]} 34. Qh7+
{[%clk 0:01:44]} Kf6 {[%clk 0:02:47]} 35. Qh8+ {[%clk 0:01:33]} Kf7
{[%clk 0:02:51]} 1/2-1/2

[Event "Championship Moscow 2015 Seniors rapid"]
[Site "?"]
[Date "2015.11.29"]
[Round "9.13"]
[White "Frumson, Yury"]
[Black "Vul, Arkadi Eremeevich"]
[Result "1/2-1/2"]
[BlackElo "2174"]
[WhiteElo "2049"]
[LiveChessVersion "1.4.6"]

1. Nf3 {[%clk 0:10:08]} d5 {[%clk 0:10:08]} 2. c4 {[%clk 0:10:12]} e6
{[%clk 0:10:12]} 3. g3 {[%clk 0:10:16]} Nf6 {[%clk 0:10:15]} 4. Bg2
{[%clk 0:10:20]} dxc4 {[%clk 0:10:19]} 5. Qa4+ {[%clk 0:10:24]} Nbd7
{[%clk 0:10:23]} 6. Qxc4 {[%clk 0:10:26]} a6 {[%clk 0:10:27]} 7. Qc2
{[%clk 0:10:22]} c5 {[%clk 0:10:21]} 8. O-O {[%clk 0:10:25]} Be7 {[%clk 0:09:40]}
9. d4 {[%clk 0:10:23]} O-O {[%clk 0:09:26]} 10. Nc3 {[%clk 0:10:17]} Ra7
{[%clk 0:09:08]} 11. a4 {[%clk 0:10:11]} b6 {[%clk 0:09:11]} 12. dxc5
{[%clk 0:10:07]} Bxc5 {[%clk 0:08:48]} 13. Bf4 {[%clk 0:09:51]} Qe7
{[%clk 0:08:50]} 14. Rfd1 {[%clk 0:09:30]} Bb7 {[%clk 0:08:44]} 15. h3
{[%clk 0:07:35]} h6 {[%clk 0:08:39]} 16. Ne5 {[%clk 0:07:12]} Bxg2
{[%clk 0:08:18]} 17. Kxg2 {[%clk 0:07:12]} Nxe5 {[%clk 0:08:22]} 18. Bxe5
{[%clk 0:07:15]} Rc8 {[%clk 0:05:57]} 19. Qd3 {[%clk 0:05:31]} Qb7+
{[%clk 0:05:05]} 20. Qf3 {[%clk 0:05:21]} Qxf3+ 21. Kxf3 {[%clk 0:05:24]} Kf8
{[%clk 0:04:14]} 22. Rd3 {[%clk 0:04:54]} Be7 {[%clk 0:03:44]} 23. Rad1 Ke8 24.
Bd4 {[%clk 0:04:00]} Rb7 {[%clk 0:03:49]} 25. e4 {[%clk 0:03:35]} Rd8
{[%clk 0:02:53]} 26. Be5 {[%clk 0:03:12]} Rxd3+ {[%clk 0:02:52]} 27. Rxd3
{[%clk 0:03:15]} Rd7 {[%clk 0:02:50]} 28. Ke2 {[%clk 0:02:40]} g6
{[%clk 0:02:33]} 29. g4 {[%clk 0:02:24]} Rxd3 {[%clk 0:02:28]} 30. Kxd3
{[%clk 0:02:27]} Kd7 {[%clk 0:02:29]} 31. Bf4 {[%clk 0:02:13]} h5
{[%clk 0:02:30]} 32. e5 {[%clk 0:01:44]} Nd5 {[%clk 0:02:02]} 33. Nxd5
{[%clk 0:01:41]} exd5 {[%clk 0:02:06]} 34. gxh5 {[%clk 0:01:44]} gxh5
{[%clk 0:02:11]} 35. Be3 {[%clk 0:01:41]} Bc5 {[%clk 0:01:21]} 36. b4
{[%clk 0:01:40]} Bxb4 {[%clk 0:01:04]} 37. Bxb6 {[%clk 0:01:43]} Ke6
{[%clk 0:01:07]} 38. Bd4 {[%clk 0:01:05]} Ba3 {[%clk 0:00:56]} 39. Bc3
{[%clk 0:00:58]} Bc1 {[%clk 0:01:00]} 40. Kd4 {[%clk 0:00:46]} Bf4
{[%clk 0:01:02]} 41. Kc5 {[%clk 0:00:48]} Bxe5 {[%clk 0:01:06]} 42. Bd2
{[%clk 0:00:45]} f5 {[%clk 0:00:28]} 43. f3 {[%clk 0:00:48]} Bc7 {[%clk 0:00:27]}
44. Kc6 {[%clk 0:00:51]} Bd8 {[%clk 0:00:31]} 45. Bf4 {[%clk 0:00:46]} a5
{[%clk 0:00:22]} 46. Kc5 {[%clk 0:00:48]} Be7+ {[%clk 0:00:26]} 47. Kc6
{[%clk 0:00:47]} Bb4 {[%clk 0:00:30]} 48. Kb5 {[%clk 0:00:42]} d4
{[%clk 0:00:34]} 49. Kc4 {[%clk 0:00:46]} Bc3 {[%clk 0:00:38]} 50. Bc7
{[%clk 0:00:45]} Kf6 {[%clk 0:00:24]} 51. Bf4 {[%clk 0:00:49]} Ke7
{[%clk 0:00:25]} 52. Be5 {[%clk 0:00:49]} Ke6 {[%clk 0:00:15]} 53. Bf4
{[%clk 0:00:53]} Kf6 {[%clk 0:00:17]} 1/2-1/2

[Event "Championship Moscow 2015 Seniors rapid"]
[Site "?"]
[Date "2015.11.29"]
[Round "9.14"]
[White "Chernov, Yury"]
[Black "Melnik, Viktor"]
[Result "1/2-1/2"]
[BlackElo "2131"]
[WhiteElo "2165"]
[LiveChessVersion "1.4.6"]

1. e4 {[%clk 0:10:08]} c5 {[%clk 0:10:08]} 2. Nc3 {[%clk 0:10:09]} Nc6
{[%clk 0:10:12]} 3. g3 {[%clk 0:10:12]} g6 {[%clk 0:10:12]} 4. Bg2
{[%clk 0:10:16]} Bg7 {[%clk 0:10:16]} 5. d3 {[%clk 0:10:19]} e6 {[%clk 0:10:13]}
6. Be3 {[%clk 0:10:23]} d6 {[%clk 0:10:00]} 7. Qd2 {[%clk 0:10:22]} h6
{[%clk 0:10:02]} 8. Nge2 {[%clk 0:09:48]} Nge7 {[%clk 0:10:05]} 9. O-O
{[%clk 0:09:46]} a6 {[%clk 0:10:09]} 10. Rab1 {[%clk 0:09:31]} Qc7
{[%clk 0:10:02]} 11. h3 {[%clk 0:09:25]} Nd4 {[%clk 0:09:41]} 12. Nd1
{[%clk 0:09:15]} Bd7 {[%clk 0:09:34]} 13. c3 {[%clk 0:09:14]} Nxe2+
{[%clk 0:09:34]} 14. Qxe2 {[%clk 0:09:16]} O-O {[%clk 0:09:32]} 15. Qd2
{[%clk 0:09:06]} Kh7 {[%clk 0:09:36]} 16. d4 {[%clk 0:08:57]} Rad8
{[%clk 0:09:20]} 17. Rc1 {[%clk 0:07:48]} Rc8 {[%clk 0:09:02]} 18. f4
{[%clk 0:07:09]} f5 {[%clk 0:08:37]} 19. e5 {[%clk 0:07:01]} cxd4
{[%clk 0:08:22]} 20. cxd4 {[%clk 0:06:54]} Qxc1 {[%clk 0:08:21]} 21. Qxc1
{[%clk 0:06:55]} Rxc1 {[%clk 0:08:24]} 22. Bxc1 {[%clk 0:06:57]} d5
{[%clk 0:08:00]} 23. Nc3 {[%clk 0:06:22]} Rc8 {[%clk 0:08:03]} 24. Be3
{[%clk 0:06:20]} Bf8 {[%clk 0:07:51]} 25. Rc1 {[%clk 0:06:13]} Rc7
{[%clk 0:07:11]} 26. Bf1 {[%clk 0:05:54]} Nc8 {[%clk 0:07:11]} 27. Ne2
{[%clk 0:05:50]} Rxc1 {[%clk 0:06:43]} 28. Nxc1 {[%clk 0:05:48]} a5
{[%clk 0:06:26]} 29. Kf2 {[%clk 0:05:04]} Be7 {[%clk 0:06:22]} 30. h4
{[%clk 0:04:57]} Na7 {[%clk 0:06:10]} 31. Nb3 {[%clk 0:04:20]} b6
{[%clk 0:06:14]} 32. Ba6 {[%clk 0:04:13]} Kg7 {[%clk 0:06:13]} 33. Nc1
{[%clk 0:03:44]} Kf7 {[%clk 0:06:06]} 34. Ne2 {[%clk 0:03:46]} Ke8
{[%clk 0:05:37]} 35. Nc3 {[%clk 0:03:49]} Bb4 {[%clk 0:05:22]} 36. Be2
{[%clk 0:03:42]} h5 {[%clk 0:04:55]} 37. Ke1 {[%clk 0:03:33]} Bb5
{[%clk 0:04:46]} 38. Bxb5+ {[%clk 0:03:11]} Nxb5 {[%clk 0:04:49]} 39. Kd2
{[%clk 0:03:09]} Bxc3+ {[%clk 0:04:42]} 40. bxc3 {[%clk 0:03:10]} Na3
{[%clk 0:04:46]} 41. Kd3 {[%clk 0:02:58]} Nc4 {[%clk 0:04:50]} 42. Bc1
{[%clk 0:02:59]} a4 {[%clk 0:04:48]} 43. a3 {[%clk 0:02:54]} Kd7 {[%clk 0:04:45]}
44. Kc2 {[%clk 0:02:57]} Kc6 {[%clk 0:04:45]} 45. Kd3 {[%clk 0:02:57]} Kb5
{[%clk 0:04:49]} 46. Kc2 {[%clk 0:03:00]} Na5 {[%clk 0:04:54]} 47. Kd3
{[%clk 0:03:00]} Nb7 {[%clk 0:04:26]} 48. Bd2 {[%clk 0:02:51]} Nd8
{[%clk 0:04:27]} 49. Bc1 {[%clk 0:02:53]} Nf7 {[%clk 0:04:24]} 50. Bd2
{[%clk 0:02:53]} Nh6 {[%clk 0:04:28]} 51. Be3 {[%clk 0:02:29]} Ng4
{[%clk 0:04:23]} 52. Bg1 {[%clk 0:02:29]} Nh6 {[%clk 0:04:05]} 53. Be3
{[%clk 0:02:28]} Nf7 {[%clk 0:04:06]} 54. Bf2 {[%clk 0:02:28]} Nd8
{[%clk 0:04:09]} 55. Be3 {[%clk 0:02:31]} Nc6 {[%clk 0:04:09]} 56. Bd2
{[%clk 0:02:29]} Na5 {[%clk 0:04:13]} 57. Be3 {[%clk 0:02:32]} Nb3
{[%clk 0:03:24]} 58. Bf2 {[%clk 0:02:16]} Na5 {[%clk 0:02:40]} 59. Be3
{[%clk 0:02:18]} Nc4 {[%clk 0:02:41]} 60. Bc1 {[%clk 0:02:22]} Kc6
{[%clk 0:02:36]} 61. Kc2 {[%clk 0:02:22]} Na5 {[%clk 0:02:36]} 62. Kd3
{[%clk 0:02:24]} Nb3 {[%clk 0:02:40]} 63. Be3 {[%clk 0:02:26]} Kb5
{[%clk 0:02:44]} 64. Bf2 {[%clk 0:02:25]} Na5 {[%clk 0:02:03]} 65. Be3
{[%clk 0:02:27]} Kc6 {[%clk 0:01:52]} 66. Kc2 {[%clk 0:02:22]} Nb3
{[%clk 0:01:47]} 67. Bf2 {[%clk 0:02:12]} Kb5 {[%clk 0:01:51]} 68. Kd3
{[%clk 0:02:12]} Nc1+ {[%clk 0:01:55]} 69. Kd2 {[%clk 0:02:10]} Nb3+
{[%clk 0:01:26]} 70. Kd3 {[%clk 0:02:12]} Na5 {[%clk 0:01:30]} 71. Be3 Nb3 72.
Bf2 Nc1+ 73. Kc2 Kc4 74. Kxc1 Kxc3 75. Be1+ Kxd4 76. Kd2 Kc4 77. Kc2 d4 78. Bb4
d3+ 79. Kd2 Kd4 80. Bd6 Ke4 81. Bc7 Kf3 82. Kxd3 b5 1/2-1/2

[Event "Championship Moscow 2015 Seniors rapid"]
[Site "?"]
[Date "2015.11.29"]
[Round "9.15"]
[White "Drozdov, Vladimir E."]
[Black "Alekhin, Yuri"]
[Result "1-0"]
[BlackElo "2141"]
[WhiteElo "2008"]
[LiveChessVersion "1.4.6"]

1. e4 e6 2. d4 d5 3. e5 c5 4. c3 Nc6 5. Nf3 cxd4 6. cxd4 Nge7 7. Bd3 Bd7 8. Nc3
a6 9. O-O b5 10. Be3 Ng6 11. Rc1 Be7 12. Qe2 O-O 13. a4 b4 14. Nb1 Na5 15. Nbd2
Qb6 16. b3 Rfc8 17. g3 Rc3 18. Rb1 Bf8 19. h4 Ne7 20. Bxh7+ Kh8 21. Bd3 Nf5 22.
Ng5 Be8 23. Bxf5 exf5 24. Qh5+ Qh6 25. Nxf7+ Kh7 26. Bxh6 1-0

[Event "Championship Moscow 2015 Seniors rapid"]
[Site "?"]
[Date "2015.11.29"]
[Round "9.17"]
[White "Piatin, Oleg"]
[Black "Avetisyan, Aleksey"]
[Result "1-0"]
[BlackElo "2050"]
[WhiteElo "2092"]
[LiveChessVersion "1.4.6"]

1. e4 {[%clk 0:10:08]} c6 {[%clk 0:10:10]} 2. d4 {[%clk 0:10:12]} d5
{[%clk 0:10:14]} 3. e5 {[%clk 0:10:16]} Qb6 {[%clk 0:10:18]} 4. Nf3
{[%clk 0:10:09]} Bg4 {[%clk 0:10:21]} 5. c3 {[%clk 0:10:09]} e6 {[%clk 0:10:25]}
6. h3 {[%clk 0:10:02]} Bh5 {[%clk 0:10:29]} 7. Be2 {[%clk 0:10:04]} c5
{[%clk 0:10:32]} 8. O-O {[%clk 0:09:55]} Nc6 {[%clk 0:10:35]} 9. dxc5
{[%clk 0:09:32]} Bxc5 {[%clk 0:10:32]} 10. b4 {[%clk 0:09:34]} Bxf3
{[%clk 0:09:51]} 11. Bxf3 {[%clk 0:09:34]} Nxb4 {[%clk 0:09:23]} 12. cxb4
{[%clk 0:08:56]} Bd4 {[%clk 0:09:26]} 13. Be3 {[%clk 0:08:54]} Bxe3
{[%clk 0:09:19]} 14. Qa4+ {[%clk 0:08:41]} Kf8 {[%clk 0:09:18]} 15. fxe3
{[%clk 0:08:44]} Qxe3+ {[%clk 0:09:21]} 16. Kh1 {[%clk 0:08:48]} Qxe5
{[%clk 0:09:21]} 17. Na3 {[%clk 0:08:42]} Ne7 {[%clk 0:08:59]} 18. Rae1
{[%clk 0:07:43]} Qd6 {[%clk 0:08:53]} 19. Bg4 {[%clk 0:06:10]} Kg8
{[%clk 0:08:36]} 20. Nb5 {[%clk 0:05:54]} Qd7 {[%clk 0:08:35]} 21. Nc3
{[%clk 0:03:45]} Qxa4 {[%clk 0:08:38]} 22. Nxa4 {[%clk 0:03:49]} f5
{[%clk 0:08:09]} 23. Bd1 {[%clk 0:03:37]} Kf7 {[%clk 0:08:05]} 24. Nc5
{[%clk 0:03:39]} Nc6 {[%clk 0:08:07]} 25. a3 {[%clk 0:03:20]} Nd8
{[%clk 0:07:48]} 26. Bb3 {[%clk 0:03:08]} b6 {[%clk 0:07:45]} 27. Nd3
{[%clk 0:01:57]} Rc8 {[%clk 0:07:25]} 28. Rc1 {[%clk 0:01:42]} Nb7
{[%clk 0:06:57]} 29. a4 {[%clk 0:00:39]} Kf6 {[%clk 0:06:24]} 30. Rfe1
{[%clk 0:00:21]} g5 {[%clk 0:06:25]} 31. Kg1 {[%clk 0:00:24]} Nd6
{[%clk 0:06:20]} 32. b5 {[%clk 0:00:15]} Ne4 {[%clk 0:06:15]} 33. Nb4
{[%clk 0:00:14]} Rc3 {[%clk 0:05:44]} 34. Rxc3 {[%clk 0:00:11]} Nxc3
{[%clk 0:05:48]} 35. Nc6 {[%clk 0:00:11]} a6 {[%clk 0:05:40]} 36. bxa6
{[%clk 0:00:12]} Ra8 {[%clk 0:05:45]} 37. a7 {[%clk 0:00:14]} Ne4
{[%clk 0:05:37]} 38. Bc2 Nc5 {[%clk 0:05:34]} 39. Rb1 {[%clk 0:00:11]} Nd7
{[%clk 0:05:07]} 40. Bd3 {[%clk 0:00:15]} e5 {[%clk 0:05:03]} 41. Ba6
{[%clk 0:00:17]} Nc5 {[%clk 0:04:36]} 42. Rxb6 {[%clk 0:00:21]} Nxa6
{[%clk 0:04:31]} 43. Rxa6 {[%clk 0:00:24]} e4 {[%clk 0:04:24]} 44. Kf2
{[%clk 0:00:25]} f4 {[%clk 0:04:26]} 45. Rb6 {[%clk 0:00:23]} h5 {[%clk 0:04:23]}
46. Rb8 {[%clk 0:00:26]} Rxa7 {[%clk 0:04:27]} 47. Nxa7 {[%clk 0:00:30]} g4
{[%clk 0:04:23]} 48. hxg4 hxg4 {[%clk 0:04:27]} 49. Nb5 {[%clk 0:00:34]} e3+
{[%clk 0:04:25]} 50. Ke2 {[%clk 0:00:38]} Kf5 {[%clk 0:04:29]} 51. a5
{[%clk 0:00:42]} Ke4 {[%clk 0:04:31]} 52. Rf8 {[%clk 0:00:45]} d4
{[%clk 0:04:34]} 53. Nxd4 {[%clk 0:00:49]} Kxd4 {[%clk 0:04:38]} 54. a6
{[%clk 0:00:53]} 1-0